Plantas indeseables en los cultivos tropicales; / (Record no. 11241)
[ view plain ]
| 000 -CABECERA | |
|---|---|
| campo de control de longitud fija | 00875cam a22002411 4500 |
| 001 - NÚMERO DE CONTROL | |
| campo de control | 000011546 |
| 005 - FECHA Y HORA DE LA ÚLTIMA TRANSACCIÓN | |
| campo de control | 20200929162503.0 |
| 008 - DATOS DE LONGITUD FIJA--INFORMACIÓN GENERAL | |
| campo de control de longitud fija | 750828s1950 pr a 000 0 spa |
| 010 ## - NÚMERO DE CONTROL DE LA BIBLIOTECA DEL CONGRESO | |
| Número de control de LC | 50013482 |
| 035 ## - NÚMERO DE CONTROL DEL SISTEMA | |
| Número de control de sistema | (OCoLC)1578452 |
| 040 ## - FUENTE DE LA CATALOGACIÓN | |
| Centro catalogador/agencia de origen | DO-SdBNP |
| Centro/agencia transcriptor | TxU |
| Centro/agencia modificador | OCoLC |
| -- | DLC |
| 042 ## - CÓDIGO DE AUTENTICACIÓN | |
| Código de autenticación | premarc |
| 050 00 - SIGNATURA TOPOGRÁFICA DE LA BIBLIOTECA DEL CONGRESO | |
| Número de clasificación | SB611 |
| Número de documento/Ítem | .V4 |
| 082 ## - NÚMERO DE LA CLASIFICACIÓN DECIMAL DEWEY | |
| Número de clasificación | 581.65 |
| 100 1# - ENTRADA PRINCIPAL--NOMBRE DE PERSONA | |
| Nombre de persona | Velez, Ismael. |
| 9 (RLIN) | 27310 |
| 245 10 - MENCIÓN DE TÍTULO | |
| Título | Plantas indeseables en los cultivos tropicales; / |
| Mención de responsabilidad, etc. | manual ilustrado para el agricultor, basado en material de Puerto Rico. Texto por Ismael Velez, fotografias por Johannes van Overbeek. |
| 260 ## - PUBLICACIÓN, DISTRIBUCIÓN, ETC. | |
| Lugar de publicación, distribución, etc. | Rio Piedras, P.R., : |
| Nombre del editor, distribuidor, etc. | Editorial Universitaria, |
| Fecha de publicación, distribución, etc. | 1950. |
| 300 ## - DESCRIPCIÓN FÍSICA | |
| Extensión | x,497 p. : |
| Otras características físicas | illus. ; |
| Dimensiones | 24 cm. |
| 650 #0 - PUNTO DE ACCESO ADICIONAL DE MATERIA--TÉRMINO DE MATERIA | |
| Término de materia o nombre geográfico como elemento de entrada | Weeds |
| Subdivisión geográfica | Tropics. |
| 9 (RLIN) | 27311 |
| 650 #0 - PUNTO DE ACCESO ADICIONAL DE MATERIA--TÉRMINO DE MATERIA | |
| Término de materia o nombre geográfico como elemento de entrada | Weeds |
| Subdivisión geográfica | Puerto Rico. |
| 9 (RLIN) | 27312 |
| 700 1# - PUNTO DE ACCESO ADICIONAL--NOMBRE DE PERSONA | |
| Nombre de persona | Van Overbeek, Johannes, |
| Fechas asociadas al nombre | 1908- |
| Término indicativo de función/relación | illus. |
| 9 (RLIN) | 27313 |
| 910 ## - DATOS DE OPCIÓN DEL USUARIO (OCLC) | |
| Datos de opción del usuario | Catalogación por copia / LC |
| Estado de retiro | Estado de pérdida | Restricciones de uso | No para préstamo | Código de colección | Localización permanente | Ubicación/localización actual | Ubicación en estantería | Fecha de adquisición | Número de inventario | Total de préstamos | Signatura topográfica completa | Código de barras | Fecha visto por última vez | Precio válido a partir de | Tipo de ítem Koha |
|---|---|---|---|---|---|---|---|---|---|---|---|---|---|---|---|
| Préstamo interno | Monografías: Libros y Folletos | General | General | En catalogación | 20.10.2009 | LF1 | 581.65 | 11546-10 | 25.06.2020 | 25.06.2020 | Préstamo interno |
